000 00621nam a2200217 4500
001 107778
003 ES-MaACL
005 20230906184505.0
007 t|
008 061121s1982 sp r ||||1| spa d
100 1 _aMott, N.F.
_983834
245 1 0 _aMecánica cuántica elemental /
_cN.F. Mott; versión de J. de la Rubia Pacheco.
250 _a1ª. ed.
260 _aMadrid :
_bAlhambra,
_c1982.
300 _aIX, 167 p. :
_bil. ;
_c22 cm.
490 1 _aExedra
700 1 _aRubia Pacheco, Juan de la.
_9100308
830 0 _aExedra
_9177436
852 _aES-MaACL
_jL-2882
_bR.103398
999 _c107778
_d107778